Statistiche per Geografia per immagini - B

Clicka qui per fare il quiz!

Statistiche generali

  • Questo quiz è stato fatto 649 volte
  • Il punteggio medio è 11 su 18

Statistiche sulle risposte

Answer% Corretto
Belgio
96%
Berlino
91%
Brasile
91%
Baltico
81%
Bruxelles
81%
Basilicata
69%
Budapest
67%
Babilonia
66%
Baviera
66%
Borneo
55%
Bielorussia
53%
Bolivia
52%
Bangkok
47%
Bosforo
45%
Boston
44%
Bilbao
36%
Bali
29%
Benaco (Lago di Garda)
17%

Distribuzione punteggi

Percentile per numero di risposta

Percentuale di utenti per punteggio

I tuoi punteggi nel tempo

Non hai fatto questo quiz